Kant gnoseologiai álláspontja
Elmentve itt :
| Szerző: | |
|---|---|
| Adatforrás: | Philobibl |
| Forrásdokumentuma: | Bölcseleti Folyóirat /1. évf 1886., 385-400. p. |
| Dokumentumtípus: | Cikk |
| Nyelv: | magyar |
| LEADER | 00354nab a2200109 c 4500 | ||
|---|---|---|---|
| 001 | bibDOK00011435 | ||
| 005 | 20200924120703.7 | ||
| 008 | 060518s1886 hu hun | ||
| 100 | 1 | |a Palmer Mátyás | |
| 245 | 1 | 0 | |a Kant gnoseologiai álláspontja |c Palmer Mátyás |
| 500 | |a Folytatása: 2. évf. 1887. 72-84. p. | ||
| 773 | 0 | |t Bölcseleti Folyóirat /1. évf |g 1886., 385-400. p. | |